| 000 | 00473nam a2200181Ia 4500 | ||
|---|---|---|---|
| 008 | 230711s9999||||xx |||||||||||||| ||und|| | ||
| 020 | _a978-81-7319-829-8 | ||
| 041 | _aENG | ||
| 082 |
_a515.625 _bSH-P |
||
| 100 | _aSharma,J.N | ||
| 245 | 0 | _aPartial differential equations for engineers and scientists | |
| 250 | _a2nd . Ed. | ||
| 260 |
_c2014 _aNew Delhi _bNarosa Publishing House |
||
| 300 | _a339p. | ||
| 650 | _aMathematics | ||
| 700 | _aKehar Singh | ||
| 942 | _cBK | ||
| 999 |
_c5807 _d5807 |
||